000 00522nam a2200181Ia 4500
005 20250923144230.0
008 008 250917s9999 xx 000 0 eng d
037 _aTextual
040 _aDSWL
_beng
_cDSWL
041 _aeng
_2eng
084 _aV5:1:N3, H1
_qDSWL
100 _aAgar, Herbert
_9822650
245 4 _aThe city of man: Declaration on world democracy
_cby Herbert Agar
260 _aNew York
_b Viking
_c1941
300 _a113 p.
942 _cTEXL
_hV5:1:N3, H1
999 _c1436374
_d1436374